[Event "V Sunway Sitges Open 2018"]
[Site "Sitges"]
[Date "2018.12.22"]
[Round "9"]
[White "Palacios Pena, Gerardo"]
[Black "Varsha Ramesh"]
[Result "1/2-1/2"]
[WhiteElo "1810"]
[BlackElo "1541"]
[Annotator "NA RC"]
[PlyCount "149"]
[EventDate "2018.12.14"]
[EventType "swiss"]
[EventCountry "ESP"]
[SourceTitle "playchess.com"]
[Source "ChessBase"]
[SourceQuality "1"]
[TimeControl "40/5400+30:1800+30"]

1. d4 {[%emt 0:06:53]} Nf6 {[%emt 0:00:00]} 2. Nf3 {[%emt 0:00:10]} e6 {[%emt 0:00:00]} 3. Bf4 {[%emt 0:00:07]} d5 {[%emt 0:00:42]} 4. e3 {[%emt 0:00:13]} Be7 {[%emt 0:00:16]} 5. h3 {[%emt 0:00:19]} b6 {[%emt 0:01:57] D02: 1 d4 d5 2 Nf3 sidelines, including 2...Nf6 3 g3 and 2...Nf6 3 Bf4} (5... O-O 6. Nbd2 c5 7. c3 b6 8. Bd3 Ba6 9. Bxa6 Nxa6 10. O-O Nb8 11. Qe2 Nc6 12. Rad1 cxd4 13. exd4 Nd7 14. Rfe1 Re8 15. Bg3 a6 16. a4 {1-0 (39) Alekseenko,K (2561)-Eliseev,U (2602) Loo 2016}) 6. Bb5+ {[%emt 0:00:35]} c6 {[%emt 0:02:11]} 7. Bd3 {[%emt 0:05:00]} Bb7 $146 {[%emt 0:00:41]} ({Predecessor:} 7... O-O 8. O-O Ba6 9. Ne5 Bxd3 10. cxd3 Nfd7 11. Nd2 Nxe5 12. Bxe5 Nd7 13. Bg3 {½-½ (42) Palacios Pena,G (1975)-Teran Pereda,L (1930) Benidorm 2007}) 8. O-O {[%emt 0:00:13]} O-O {[%emt 0:00:05]} 9. c4 {[%emt 0:00:07]} c5 {[%emt 0:01:25]} 10. Nc3 {[%emt 0:00:19]} Nc6 {[%emt 0:01:07]} 11. cxd5 {[%emt 0:00:48]} exd5 {[%emt 0:00:57]} 12. Rc1 {[%emt 0:05:05]} Qd7 {[%emt 0:03:15]} 13. Ne5 {[%emt 0:00:27]} Qe6 {[%emt 0:01:09]} 14. Nxc6 {[%emt 0:04:52]} Bxc6 {[%emt 0:02:05]} 15. Qc2 {[%emt 0:00:15]} Qd7 {[%emt 0:03:18]} 16. Be5 {[%emt 0:01:03]} h6 {[%emt 0:01:15]} 17. Rfd1 {[%emt 0:02:56]} c4 {[%emt 0:01:38]} 18. Be2 {[%emt 0:00:40]} b5 {[%emt 0:01:40]} 19. Bf3 {[%emt 0:00:16]} Rfd8 {[%emt 0:07:42]} 20. Ne2 {[%emt 0:01:28]} Qb7 {[%emt 0:04:52]} 21. Ng3 {[%emt 0:00:52]} Nd7 {[%emt 0:02:10]} 22. Nf5 {[%emt 0:00:17]} Nxe5 {[%emt 0:00:49]} 23. dxe5 {[%emt 0:00:08]} Bf8 {[%emt 0:04:01]} 24. Nd4 {[%emt 0:00:19]} Rd7 {[%emt 0:04:39]} 25. e6 {[%emt 0:00:20]} fxe6 {[%emt 0:01:10]} 26. Nxe6 {[%emt 0:00:29]} Rd6 {[%emt 0:00:19]} 27. Nd4 {[%emt 0:00:32]} Rad8 {[%emt 0:01:37]} 28. b3 Qa6 {[%emt 0:02:41]} 29. bxc4 {[%emt 0:01:43]} bxc4 {[%emt 0:00:53]} 30. Nxc6 {[%emt 0:02:51]} Qxc6 {[%emt 0:00:37]} 31. Rd4 {[%emt 0:00:47]} Be7 {[%emt 0:02:00]} 32. Qf5 {[%emt 0:00:42]} Bf6 {[%emt 0:09:44] [#]} (32... c3 $11 {remains equal.}) 33. Rdxc4 $3 {[%emt 0:06:54] Pin} Qxc4 {[%emt 0:00:24]} 34. Rxc4 {[%emt 0:00:10]} dxc4 {[%emt 0:00:05]} 35. Be4 {[%emt 0:00:07]} c3 {[%emt 0:00:28]} 36. Qh7+ {[%emt 0:00:42]} Kf8 {[%emt 0:00:04]} 37. Bc2 {[%emt 0:02:29]} Rb6 {[%emt 0:06:46]} 38. Bb3 {[%emt 0:03:05]} (38. Qe4 $16) 38... Rxb3 {[%emt 0:04:16]} 39. axb3 {[%emt 0:00:14]} Kf7 $2 {[%emt 0:00:57] [#]} ({Black should try} 39... Rd2 $11 40. Qe4 Kg8 41. Qc4+ Kh7) 40. Qf5 $2 {[%emt 0:00:00]} ({Only move:} 40. Kf1 $1 $16) 40... Rd2 {[%emt 0:00:00]} 41. Kh2 {[%emt 0:06:56]} c2 {[%emt 0:06:28]} 42. Qc5 {[%emt 0:07:26]} Rxf2 {[%emt 0:06:56]} 43. Kg3 {[%emt 0:00:38]} Rd2 {[%emt 0:02:30]} 44. Qxa7+ {[%emt 0:00:08]} Kg6 {[%emt 0:00:42]} 45. Qc5 {[%emt 0:00:15]} Bb2 {[%emt 0:04:59]} 46. Qc6+ $1 {[%emt 0:00:35]} Kf7 {[%emt 0:03:21]} (46... Kh7 $5 47. Qe4+ $8 Kh8 48. Qe8+ Kh7 49. Qe4+ Kh8 50. Qe8+ Kh7 51. Qe4+ $11) 47. Qc4+ {[%emt 0:00:55]} Ke8 {[%emt 0:02:04]} 48. Qc8+ {[%emt 0:02:19]} Ke7 {[%emt 0:00:17]} 49. Qc7+ {[%emt 0:00:15]} Ke6 {[%emt 0:00:51]} 50. Qc6+ {[%emt 0:00:17]} Ke5 {[%emt 0:02:27]} 51. Qc7+ {[%emt 0:06:34]} Ke4 {[%emt 0:00:29]} 52. Qf4+ {[%emt 0:05:47]} Kd5 {[%emt 0:00:24]} 53. e4+ $2 {[%emt 0:00:27] [#]} (53. Qc4+ $11 Kd6 54. Qb4+ Ke5 55. Qc5+ Ke4 56. Qc6+ Kd3 57. Qc4+ Kxe3 58. Qe6+ Kd4 59. Qg4+ Kc5 60. Qc8+ Kb6 61. Qb8+ Kc6 62. Qc8+ Kd6 63. Qf8+ Kd7 64. Qf5+ Ke8 65. Qc8+ Ke7 66. Qc7+ Kf6 67. Qf4+ Kg6 68. Qe4+ Kg5 69. Qg4+ Kf6 70. Qf4+ Kg6 71. Qe4+ Kf7 72. Qc4+ Kg6 73. Qe4+) 53... Kc6 $2 {[%emt 0:01:58]} (53... Ke6 $1 $19 54. Qxd2 c1=Q 55. Qxc1 Bxc1) 54. Qxd2 c1=Q $11 {[%emt 0:00:38]} 55. Qd5+ {[%emt 0:04:07]} Kb6 {[%emt 0:00:35]} 56. Qd6+ {[%emt 0:02:08]} Qc6 {[%emt 0:00:20]} 57. Qxc6+ {[%emt 0:00:42]} Kxc6 {[%emt 0:00:30]} 58. Kf4 {[%emt 0:00:02]} Kd6 {[%emt 0:00:00]} 59. Kf5 {[%emt 0:00:11]} Bc3 {[%emt 0:01:43]} 60. h4 Bf6 {[%emt 0:01:08]} 61. g3 {[%emt 0:01:16]} Be5 {[%emt 0:02:57]} 62. g4 Bg3 {[%emt 0:01:37]} 63. Kg6 {[%emt 0:01:21]} Bxh4 {[%emt 0:00:44]} 64. Kxg7 Bg5 65. b4 {[%emt 0:02:30]} Ke5 {[%emt 0:01:18]} 66. b5 {[%emt 0:00:13]} Kxe4 {[%emt 0:00:06]} 67. Kg6 {[%emt 0:00:05]} Kf4 {[%emt 0:01:18]} 68. Kh5 Ke4 {[%emt 0:00:25]} 69. b6 {[%emt 0:00:17]} Bf4 {[%emt 0:00:20]} 70. Kh4 {[%emt 0:00:30]} Kd5 {[%emt 0:00:18]} 71. b7 {[%emt 0:00:06]} Kc6 {[%emt 0:00:19]} 72. Kh3 {[%emt 0:00:07]} Kxb7 {[%emt 0:00:07]} 73. Kg2 {[%emt 0:00:02]} Kc6 {[%emt 0:00:07]} 74. Kf3 {[%emt 0:00:07]} Bg5 {[%emt 0:00:03]} 75. Ke4 1/2-1/2

[Event "V Sunway Sitges Open 2018"]
[Site "Sitges"]
[Date "2018.12.22"]
[Round "9"]
[White "Perez Bolanos, David"]
[Black "Rocher Gonzalez, Vicenc"]
[Result "1-0"]
[WhiteElo "1747"]
[BlackElo "1798"]
[Annotator "NA RC"]
[PlyCount "99"]
[EventDate "2018.12.14"]
[EventType "swiss"]
[EventCountry "ESP"]
[SourceTitle "playchess.com"]
[Source "ChessBase"]
[SourceQuality "1"]
[TimeControl "40/5400+30:1800+30"]

1. d4 {[%emt 0:00:00]} d5 {[%emt 0:00:16]} 2. c4 {[%emt 0:00:00]} c6 {[%emt 0:00:35]} 3. Nc3 {[%emt 0:00:38]} Nf6 {[%emt 0:00:30]} 4. e3 {[%emt 0:01:06]} a6 {[%emt 0:04:06]} 5. Nf3 {[%emt 0:01:27]} Bg4 {[%emt 0:02:22]} 6. h3 {[%emt 0:02:25]} Bh5 {[%emt 0:01:37]} 7. g4 {[%emt 0:03:49]} Bg6 {[%emt 0:00:57]} 8. Ne5 {[%emt 0:01:11]} e6 {[%emt 0:03:18]} 9. h4 {[%emt 0:07:24]} h5 {[%emt 0:08:29]} 10. Nxg6 {[%emt 0:00:47]} fxg6 {[%emt 0:00:16]} 11. g5 {[%emt 0:00:08]} Ne4 {[%emt 0:05:16]} 12. Nxe4 {[%emt 0:01:19]} dxe4 {[%emt 0:00:09]} 13. Bg2 {[%emt 0:01:30]} Bb4+ {[%emt 0:03:46]} 14. Bd2 {[%emt 0:01:17]} Qa5 {[%emt 0:01:12]} 15. Bxe4 {[%emt 0:01:13]} O-O {[%emt 0:01:48]} 16. Bxg6 {[%emt 0:05:24]} Bxd2+ {[%emt 0:02:15]} 17. Qxd2 {[%emt 0:00:05]} Qxd2+ {[%emt 0:00:21]} 18. Kxd2 {[%emt 0:00:04]} Rxf2+ {[%emt 0:00:45]} 19. Kc3 {[%emt 0:00:04]} Nd7 {[%emt 0:01:18]} 20. Raf1 {[%emt 0:00:24]} Raf8 {[%emt 0:00:16]} 21. Rxf2 {[%emt 0:00:05]} Rxf2 {[%emt 0:00:20]} 22. Bxh5 {[%emt 0:01:27]} e5 {[%emt 0:01:39]} 23. Rh3 {[%emt 0:01:14]} c5 {[%emt 0:02:50]} 24. d5 {[%emt 0:02:55]} b5 {[%emt 0:01:31]} 25. Rf3 {[%emt 0:00:31]} b4+ {[%emt 0:01:52]} 26. Kb3 {[%emt 0:00:23]} Rxf3 {[%emt 0:03:33]} 27. Bxf3 {[%emt 0:00:05]} Nb6 {[%emt 0:00:34]} 28. Be2 {[%emt 0:00:29]} Kf7 {[%emt 0:01:01]} 29. Kc2 {[%emt 0:00:04]} Kg6 {[%emt 0:00:34]} 30. e4 {[%emt 0:01:03]} Nc8 {[%emt 0:03:33]} 31. Bf3 {[%emt 0:00:26]} Nd6 {[%emt 0:01:33]} 32. Kd3 {[%emt 0:00:07]} a5 {[%emt 0:01:46]} 33. b3 {[%emt 0:00:11]} Nf7 {[%emt 0:04:08]} 34. Ke3 {[%emt 0:00:11]} Nd6 {[%emt 0:00:26]} 35. Kf2 {[%emt 0:00:06]} a4 {[%emt 0:02:10]} 36. Kg3 {[%emt 0:02:23]} a3 {[%emt 0:00:29]} 37. Kg4 {[%emt 0:04:27]} Nxc4 {[%emt 0:02:17]} 38. h5+ {[%emt 0:00:03]} Kf7 {[%emt 0:01:41]} 39. Kf5 {[%emt 0:00:21]} Ne3+ {[%emt 0:05:33]} 40. Kxe5 {[%emt 0:00:00]} c4 {[%emt 0:00:00]} 41. h6 {[%emt 0:05:14]} g6 {[%emt 0:03:12]} 42. h7 {[%emt 0:00:20]} Kg7 {[%emt 0:03:30]} 43. d6 {[%emt 0:00:10]} cxb3 {[%emt 0:00:42]} 44. d7 {[%emt 0:00:17]} bxa2 {[%emt 0:07:05]} 45. h8=Q+ {[%emt 0:01:09]} Kxh8 {[%emt 0:00:17]} 46. d8=Q+ {[%emt 0:00:04]} Kh7 {[%emt 0:01:55]} 47. Qe7+ {[%emt 0:00:06]} Kh8 {[%emt 0:00:33]} 48. Qf8+ {[%emt 0:00:06]} Kh7 {[%emt 0:00:21]} 49. Qf7+ {[%emt 0:00:04]} Kh8 {[%emt 0:00:23]} 50. Qxa2 {[%emt 0:00:04]} 1-0

[Event "V Sunway Sitges Open 2018"]
[Site "Sitges"]
[Date "2018.12.22"]
[Round "9"]
[White "Minko, Uliana"]
[Black "Vidal Moll, Francesc"]
[Result "0-1"]
[WhiteElo "1303"]
[BlackElo "1526"]
[Annotator "NA RC"]
[PlyCount "116"]
[EventDate "2018.12.14"]
[EventType "swiss"]
[EventCountry "ESP"]
[SourceTitle "playchess.com"]
[Source "ChessBase"]
[SourceQuality "1"]
[TimeControl "40/5400+30:1800+30"]

1. c4 {[%emt 0:00:00]} e6 {[%emt 0:00:00]} 2. g3 {[%emt 0:00:00]} f5 {[%emt 0:00:00]} 3. Bg2 {[%emt 0:00:36]} Nf6 {[%emt 0:00:08]} 4. Nc3 {[%emt 0:00:44]} c6 {[%emt 0:00:26]} 5. Nf3 {[%emt 0:01:45]} d5 {[%emt 0:00:16]} 6. b3 {[%emt 0:01:26]} Bd6 {[%emt 0:00:44]} 7. d4 {[%emt 0:00:37]} Nbd7 {[%emt 0:01:34]} 8. c5 {[%emt 0:00:24]} Bc7 {[%emt 0:00:49]} 9. b4 {[%emt 0:00:52]} e5 {[%emt 0:01:47]} 10. e3 {[%emt 0:01:05]} e4 {[%emt 0:03:58]} 11. Nh4 {[%emt 0:01:26]} Nb8 {[%emt 0:02:57]} 12. Bh3 {[%emt 0:00:42]} g6 {[%emt 0:02:34]} 13. O-O {[%emt 0:00:36]} Qe7 {[%emt 0:01:52]} 14. Ng2 {[%emt 0:00:32]} Nbd7 {[%emt 0:02:27]} 15. f4 {[%emt 0:01:26]} Nf8 {[%emt 0:05:20]} 16. Ne1 {[%emt 0:00:30]} Bd7 {[%emt 0:00:29]} 17. a4 {[%emt 0:00:20]} Ne6 {[%emt 0:00:40]} 18. Nc2 {[%emt 0:00:42]} Kf7 {[%emt 0:01:25]} 19. Rb1 {[%emt 0:00:46]} g5 {[%emt 0:01:35]} 20. b5 {[%emt 0:01:54]} gxf4 {[%emt 0:01:52]} 21. exf4 {[%emt 0:00:28]} Rag8 {[%emt 0:01:50]} 22. Rf2 {[%emt 0:02:20]} Ng4 {[%emt 0:09:42]} 23. Bxg4 {[%emt 0:01:01]} Rxg4 {[%emt 0:00:19]} 24. Ne3 {[%emt 0:00:30]} Rg6 {[%emt 0:11:14]} 25. Nxf5 {[%emt 0:00:34]} Qf6 {[%emt 0:00:16]} 26. Qh5 {[%emt 0:12:20]} Nxd4 {[%emt 0:09:43]} 27. Nxd4 {[%emt 0:00:47]} Qxd4 {[%emt 0:00:09]} 28. Bb2 {[%emt 0:00:23]} Bg4 {[%emt 0:04:46]} 29. Qh4 {[%emt 0:08:19]} Bd8 {[%emt 0:01:17]} 30. Ne2 {[%emt 0:00:33]} Qxc5 {[%emt 0:02:11]} 31. Bxh8 {[%emt 0:01:42]} Bxh4 {[%emt 0:00:06]} 32. Bd4 {[%emt 0:00:16]} Qd6 {[%emt 0:03:12]} 33. Be5 {[%emt 0:03:57]} Qd7 {[%emt 0:01:13]} 34. bxc6 {[%emt 0:06:30]} bxc6 {[%emt 0:00:39]} 35. Nd4 {[%emt 0:00:56]} Be7 {[%emt 0:01:08]} 36. Kf1 {[%emt 0:04:52]} Rg8 {[%emt 0:01:05]} 37. Rfb2 {[%emt 0:01:40]} Rd8 {[%emt 0:05:03]} 38. Rb7 {[%emt 0:00:38]} Qe8 {[%emt 0:00:56]} 39. f5 {[%emt 0:03:49]} Rd7 {[%emt 0:05:54]} 40. Rb8 {[%emt 0:00:00]} Bd8 {[%emt 0:00:00]} 41. Nxc6 {[%emt 0:14:16]} Bxf5 {[%emt 0:02:13]} 42. Bf4 Kg7 {[%emt 0:08:28]} 43. Ne5 {[%emt 0:03:22]} Re7 {[%emt 0:11:22]} 44. R8b7 {[%emt 0:04:48]} Bb6 {[%emt 0:02:19]} 45. Rxe7+ {[%emt 0:00:37]} Qxe7 {[%emt 0:00:31]} 46. Rb5 {[%emt 0:01:06]} Be6 {[%emt 0:04:35]} 47. a5 {[%emt 0:01:02]} Bd8 {[%emt 0:01:09]} 48. Be3 {[%emt 0:03:34]} Kf6 {[%emt 0:04:38]} 49. Bd4 {[%emt 0:00:59]} Kg5 {[%emt 0:02:56]} 50. h4+ {[%emt 0:03:45]} Kh5 {[%emt 0:00:41]} 51. a6 {[%emt 0:02:42]} Qf8+ {[%emt 0:00:28]} 52. Ke2 {[%emt 0:01:49]} Qa3 {[%emt 0:02:52]} 53. Rb7 {[%emt 0:00:59]} Bg4+ {[%emt 0:01:33]} 54. Kf2 {[%emt 0:01:36]} Qa2+ {[%emt 0:00:39]} 55. Bb2 {[%emt 0:00:54]} Bb6+ {[%emt 0:02:34]} 56. Ke1 {[%emt 0:02:39]} Qb1+ {[%emt 0:00:48]} 57. Kd2 {[%emt 0:01:10]} Qxb2+ {[%emt 0:00:08]} 58. Ke1 {[%emt 0:00:17]} Qe2# {[%emt 0:00:58]} 0-1

[Event "V Sunway Sitges Open 2018"]
[Site "Sitges"]
[Date "2018.12.22"]
[Round "9"]
[White "Bolat, Inayat"]
[Black "May Freixa, Josep"]
[Result "1-0"]
[WhiteElo "1262"]
[BlackElo "1749"]
[Annotator "NA RC"]
[PlyCount "39"]
[EventDate "2018.12.14"]
[EventType "swiss"]
[EventCountry "ESP"]
[SourceTitle "playchess.com"]
[Source "ChessBase"]
[SourceQuality "1"]
[TimeControl "40/5400+30:1800+30"]

1. e4 {[%emt 0:00:00]} c5 {[%emt 0:00:00]} 2. Nf3 {[%emt 0:00:00]} a6 {[%emt 0:00:00]} 3. c3 {[%emt 0:00:04]} Nf6 {[%emt 0:00:22]} 4. e5 {[%emt 0:01:29]} Nd5 {[%emt 0:00:48]} 5. d4 {[%emt 0:01:33]} cxd4 {[%emt 0:02:30]} 6. cxd4 {[%emt 0:01:06]} e6 {[%emt 0:07:54]} 7. Nc3 {[%emt 0:01:27]} Nxc3 {[%emt 0:08:06]} 8. bxc3 {[%emt 0:00:11]} d5 {[%emt 0:08:45]} 9. Bd3 {[%emt 0:02:59]} Be7 {[%emt 0:02:07]} 10. O-O {[%emt 0:03:42]} b5 {[%emt 0:01:54]} 11. a4 {[%emt 0:01:29]} bxa4 {[%emt 0:04:27]} 12. Qxa4+ {[%emt 0:00:40]} Bd7 {[%emt 0:03:00]} 13. Qc2 {[%emt 0:01:49]} h6 {[%emt 0:01:40]} 14. c4 {[%emt 0:00:54]} dxc4 {[%emt 0:02:53]} 15. Bxc4 {[%emt 0:02:52]} a5 {[%emt 0:02:46]} 16. d5 {[%emt 0:02:12]} exd5 {[%emt 0:05:09]} 17. Bxd5 {[%emt 0:00:34]} Ra6 {[%emt 0:00:36]} 18. Bb2 {[%emt 0:02:13]} O-O {[%emt 0:03:05]} 19. Bc4 {[%emt 0:05:54]} Qc7 {[%emt 0:02:56]} 20. Bxf7+ {[%emt 0:02:04] Qc8 Bc4+} 1-0

[Event "V Sunway Sitges Open 2018"]
[Site "Sitges"]
[Date "2018.12.23"]
[Round "10"]
[White "Ivanchuk, Vassily"]
[Black "Andreikin, Dmitry"]
[Result "1/2-1/2"]
[WhiteElo "2717"]
[BlackElo "2719"]
[Annotator "TA"]
[PlyCount "51"]
[EventDate "2018.12.14"]
[EventType "swiss"]
[EventCountry "ESP"]
[SourceTitle "playchess.com"]
[Source "ChessBase"]
[SourceQuality "1"]

{[%evp 17,51,12,29,12,27,5,37,-7,15,8,14,14,26,23,23,25,34,23,26,21,27,18,27,14,18,8,39,14,32,0,0,0,3,0,0,0]} 1. d4 Nf6 2. c4 e6 3. Nf3 b6 4. g3 Bb7 5. Bg2 Be7 6. O-O O-O 7. Re1 Qc8 8. Nc3 {E17: Queen's Indian: 4 g3 Bb7 5 Bg2 Be7} (8. Bg5 h6 9. Bxf6 Bxf6 10. Nc3 d6 11. Rc1 c5 12. d5 Bxc3 13. Rxc3 e5 14. Nh4 Qd8 15. Bh3 Nd7 {½-½ (53) Sargissian,G (2670)-L'Ami,E (2605) Douglas 2016}) 8... Ne4 9. Bd2 f5 {LiveBook: 7 Games} 10. Rc1 {White has an edge.} d6 11. d5 $146 {next Nxe4 is good for White.} ({Predecessor:} 11. Nxe4 Bxe4 12. Bg5 Qd8 13. Qd2 Nd7 14. Bxe7 Qxe7 15. Ng5 Bxg2 16. Kxg2 {½-½ (34) Kurbonboeva,S (2098)-Hoang,T (2250) Sharjah 2013}) 11... e5 12. Bh3 {[#] Black must now prevent Nxe4.} Nxd2 13. Nxd2 g5 14. f3 g4 15. fxg4 fxg4 16. Bg2 a5 17. a3 Na6 18. Rb1 Qf5 19. b4 axb4 20. axb4 h5 21. Be4 Qf2+ 22. Kh1 Qe3 {[#] And now ...Bg5 would win.} 23. Rb3 Qh6 {The position is equal.} 24. Bb1 Bc8 25. Nde4 Nb8 26. Nb5 {Accuracy: White = 49%, Black = 59%.} 1/2-1/2

[Event "V Sunway Sitges Open 2018"]
[Site "Sitges"]
[Date "2018.12.23"]
[Round "10"]
[White "Sasikiran, Krishnan"]
[Black "Romanov, Evgeny"]
[Result "1-0"]
[WhiteElo "2673"]
[BlackElo "2614"]
[Annotator "TA"]
[PlyCount "81"]
[EventDate "2018.12.14"]
[EventType "swiss"]
[EventCountry "ESP"]
[SourceTitle "playchess.com"]
[Source "ChessBase"]
[SourceQuality "1"]

{[%evp 19,81,32,34,34,50,18,22,25,22,0,7,-11,-10,-11,-29,-3,-8,-44,-5,-41,-35,-34,70,98,78,67,81,0,0,-35,74,43,122,118,138,141,253,106,210,251,223,222,339,370,495,270,493,492,479,500,480,493,474,476,29972,29973,29971,29973,29973,29975,29974,29975,29972,29974]} 1. e4 e5 2. Nf3 Nc6 3. Bb5 a6 4. Ba4 Nge7 5. c3 g6 6. d4 {C70: Ruy Lopez: 3...a6 4 Ba4, Norwegian and Delayed Schliemann} exd4 7. cxd4 b5 8. Bb3 Bg7 9. a4 (9. O-O O-O 10. Nc3 d6 11. h3 Na5 12. Bc2 c5 13. dxc5 dxc5 14. Qxd8 Rxd8 {0-1 (65) Vachier Lagrave,M (2789)-Mamedyarov,S (2808) Leuven 2018}) 9... Bb7 10. O-O O-O {LiveBook: 4 Games} 11. Re1 Na5 12. axb5 $146 ({Predecessor:} 12. Ba2 d6 13. Bg5 h6 {½-½ (21) Oliveira,J (2256)-Pavlov,S (2505) Shenzhen 2011}) 12... axb5 13. Bc2 d6 14. Bg5 h6 15. Bh4 g5 16. Bg3 f5 17. exf5 Nxf5 18. Nc3 Qd7 19. Bd3 b4 ({Reject} 19... Nxd4 $6 20. Nxd4 Bxd4 21. Nxb5 $14) 20. Ne4 g4 ({Worse is} 20... Nxd4 21. Nxd4 Bxd4 22. Rxa5 $1 $16 {[%mdl 512]}) (20... Bd5 $15) 21. Nh4 $14 Nxd4 22. Ng6 Rf7 23. Nf4 (23. Nd2 $16) 23... Ndb3 $1 $11 {[%cal Rb3a1]} 24. Rb1 d5 (24... Raf8 $15 {stays ahead.} 25. Nh5 Bh8) 25. Nd2 $16 Nxd2 ({Better is} 25... Nd4 $14) 26. Qxd2 c5 27. Qc2 {Strongly threatening Bh7+.} Bf8 {[#]} (27... Rxf4 $16 {was called for.} 28. Bxf4 c4) 28. Bg6 (28. Re6 $1 $18) 28... Ra6 (28... Rf6 $16 {was worth a try.}) 29. Bxf7+ $18 Qxf7 30. Qe2 h5 (30... Bc8 $142 31. Ra1 c4) 31. Ne6 d4 32. Nd8 ({Less strong is} 32. Qe5 Rxe6 33. Qxe6 Qxe6 $18) (32. Nxf8 $142 Qxf8 33. Qe5) 32... Qd5 $2 (32... d3) 33. Nxb7 d3 34. Qe8 d2 35. Nxa5 dxe1=R+ 36. Rxe1 Rxa5 (36... Qf7 $18 37. Qb5 Re6) 37. Qg6+ {White mates.} Kh8 38. h4 c4 39. Re8 Qf5 40. Qh6+ Kg8 41. Bd6 {Accuracy: White = 63%, Black = 33%.} 1-0

[Event "V Sunway Sitges Open 2018"]
[Site "Sitges"]
[Date "2018.12.23"]
[Round "10"]
[White "Vocaturo, Daniele"]
[Black "Krishna Teja, N."]
[Result "1-0"]
[WhiteElo "2629"]
[BlackElo "2340"]
[Annotator "TA"]
[PlyCount "83"]
[EventDate "2018.12.14"]
[EventType "swiss"]
[EventCountry "ESP"]
[SourceTitle "playchess.com"]
[Source "ChessBase"]
[SourceQuality "1"]

{[%evp 25,83,35,60,34,47,60,87,82,102,85,68,60,212,210,207,212,212,205,185,150,142,154,144,131,141,141,150,147,164,158,157,174,157,168,219,181,227,227,225,214,212,219,314,287,332,329,355,357,377,361,474,467,502,527,502,443,430,412,401,395]} 1. e4 c6 2. d4 d5 3. Nc3 dxe4 4. Nxe4 Bf5 5. Ng3 Bg6 6. h4 h6 7. Nf3 e6 8. Ne5 Bh7 9. Bd3 Bxd3 10. Qxd3 Nf6 11. Bd2 Nbd7 12. Qe2 {B19: Classical Caro-Kann: 4...Bf5 main line} Qb6 (12... c5 13. Nxd7 Qxd7 14. dxc5 Bxc5 15. O-O-O Qa4 16. Bc3 Be7 17. Rd4 Qc6 18. Rc4 Qxg2 {½-½ (37) Predke,A (2601)-Matlakov,M (2738) Moscow 2017}) 13. O-O-O Qxd4 {LiveBook: 3 Games} 14. Nxd7 {White is slightly better.} Nxd7 15. Bc3 Qf4+ $146 ({Predecessor:} 15... Qa4 16. Kb1 O-O-O 17. Rd3 Nb6 18. Rxd8+ Kxd8 19. Qf3 Ke8 {1-0 (40) Dietrich,U (2178)-Fricke,D (1950) DESC email 2002}) 16. Kb1 O-O-O 17. Nh5 Qc7 18. Nxg7 (18. Qf3 {with more complications.} f6 19. Nf4 Re8 20. Rhe1 Nc5 21. Ng6) 18... Bd6 $2 {[#]} (18... Rg8 $14 19. Nh5 Bd6) 19. Nxe6 $1 $18 Rhe8 20. Nxc7 Rxe2 21. Rxd6 {aiming for Na6.} Kxc7 22. Rd2 Rde8 23. h5 Re1+ 24. Rd1 Rxd1+ 25. Rxd1 $16 {[%mdl 4096] Endgame KRB-KRN} Re2 26. Rf1 Kd6 27. Kc1 f5 28. Bd2 Re6 29. Rh1 Ke7 (29... Ne5 $142 30. Bf4 Ke7) 30. Rh4 b5 31. Rf4 Re5 32. Bc3 Rd5 33. Bg7 Ne5 (33... Nf6 {was worth a try.}) 34. Bxh6 $18 Kf6 35. Rh4 c5 36. f3 a5 37. Bf4 Nf7 38. h6 {[%cal Bh5h6,Bh6h7][%mdl 32]} a4 39. h7 Rd8 40. Be3 Rc8 41. Rh5 Kg6 42. g4 {Accuracy: White = 94%, Black = 43%.} 1-0

[Event "V Sunway Sitges Open 2018"]
[Site "Sitges"]
[Date "2018.12.23"]
[Round "10"]
[White "Indjic, Aleksandar"]
[Black "Peralta, Fernando"]
[Result "1-0"]
[WhiteElo "2620"]
[BlackElo "2584"]
[Annotator "TA"]
[PlyCount "99"]
[EventDate "2018.12.14"]
[EventType "swiss"]
[EventCountry "ESP"]
[SourceTitle "playchess.com"]
[Source "ChessBase"]
[SourceQuality "1"]

{[%evp 22,99,0,0,3,0,-8,-33,-8,-6,0,-23,0,-39,-41,-21,-29,-36,-50,-43,0,0,-7,-8,-10,-8,-11,-14,0,-6,-1,-35,-22,-106,-92,-98,-88,-189,-204,-204,-195,-238,-201,-332,-297,-293,-260,-277,-262,-460,-325,-322,-319,-306,-304,-308,-315,-346,-339,-300,-254,-335,-208,-213,-164,-329,-320,-246,-89,-305,0,0,0,-948,549,538,520,482,29997,29998]} 1. d4 Nf6 2. c4 e6 3. Nc3 Bb4 4. Qc2 O-O 5. Nf3 d6 6. Bd2 Nbd7 7. g3 b6 8. Bg2 Bb7 9. O-O a5 10. Rfd1 {E16: Queen's Indian: 4 g3 Bb7 5 Bg2 Bb4+} Bxc3 11. Bxc3 Be4 12. Qc1 {LiveBook: 8 Games. The position is equal.} h6 $146 ({Predecessor:} 12... Qe7 13. b3 a4 14. Bf1 Rfb8 15. Nd2 Bg6 {½-½ (37) Bacrot,E (2711)-Naiditsch,A (2706) Baden-Baden 2015}) 13. Qf4 Re8 14. g4 Qe7 15. h4 e5 16. Qg3 Rad8 17. e3 Bc2 18. Rdc1 Ne4 19. Qh3 Bd3 20. Be1 Qe6 21. Nh2 $1 Nef6 22. d5 Qe7 $36 {[%mdl 2048] Black has the initiative.} 23. f3 Nc5 24. e4 $1 b5 25. cxb5 Bxb5 26. Bxa5 (26. Bf1 $5 {[%cal Rf1b5]} Bxf1 27. Nxf1 $11) 26... Ra8 27. Rxc5 (27. b4 $11) 27... dxc5 $17 28. Bc3 Nd7 29. g5 (29. Qg3 $17 {keeps fighting.}) 29... hxg5 $19 30. Ng4 gxh4 31. Kh1 Ra6 32. a4 (32. Qh2 $142) 32... Rxa4 33. Rg1 Rea8 34. Nh6+ Kf8 $1 (34... gxh6 35. Bf1+ Kf8 36. Bxb5 $11) 35. b3 $2 (35. Nf5 {was the only chance.} Qf6 36. Qxh4 Qxh4+ 37. Nxh4) 35... Ra3 (35... gxh6 36. bxa4 Rxa4 37. Rb1 $17) 36. Nf5 Qf6 $1 37. Be1 g5 (37... Rxb3 38. Bxh4 g5 39. Bf2) 38. Qg4 Qg6 (38... Rxb3 39. Bd2 $17) 39. Bd2 f6 (39... Rxb3 40. Bxg5 Ra2 41. Qxh4 $11) 40. d6 cxd6 (40... Rxb3 41. dxc7 Nb6 42. f4 $1 $17 {[%mdl 512]}) 41. Nxd6 f5 (41... Rxb3 42. Nxb5 Qf7 43. Nc7 $15) 42. Nxf5 Nf6 ({Wrong is} 42... Rxb3 $2 43. Bxg5 Nf6 44. Qxh4 $18) 43. Qh3 $2 (43. Qxg5 Qxg5 44. Bxg5) 43... Rxb3 {Hoping for ...Nxe4!} 44. Qh2 Re8 $2 (44... Nd7 $19 {Strongly threatening ...Ra2.} 45. Be3 Ra2) 45. Bf1 $2 (45. Bh3 $17 Rb2 46. Qf2) 45... Bxf1 $2 ({Better is} 45... Qh5 $1 $19 {[%cal Rh5f3]} 46. Qg2 Qxf3 47. Qxf3 Rxf3 48. Bxb5 Nxe4 49. Bxg5 Rxf5 50. Bh6+ Ke7 51. Bxe8 Kxe8) 46. Rxg5 $11 Qh7 47. Qg1 $2 {[%mdl 8192] [#]} (47. Qf2 $11 Nd7 48. Qxf1) 47... Be2 $4 {[%mdl 8192]} (47... Nxe4 $1 $19 48. Rh5 (48. fxe4 Rh3+) 48... Nf2+ $1 {[%mdl 512]} 49. Kh2 Rxf3 $1 {[%mdl 512]}) 48. Qxc5+ $18 Re7 {[#]} 49. Rg2 $1 Bxf3 ({Worse is} 49... Rb1+ 50. Kh2 $18) (49... Rbb7 $18 50. Bh6+ (50. Nxe7 Qxe7 51. Bh6+ Ke8 $14) 50... Qxh6 51. Nxh6 Bxf3) 50. Bh6+ {Accuracy: White = 41%, Black = 47%.} 1-0